Statistics for Horizon League College Basketball Teams

Click here to take the quiz!

General Stats

  • This quiz has been taken 12 times
  • The average score is 9 of 11

Answer Stats

SchoolTeam Name/Colors% Correct
Cleveland StateVikings
100%
MilwaukeePanthers
100%
OaklandGolden Grizzlies
100%
Green BayPhoenix
86%
IUPUIJaguars
86%
Youngstown StatePenguins
86%
Detroit MercyTitans
71%
Northern KentuckyNorse
71%
Purdue Fort WayneMastodons
57%
Robert MorrisColonials
57%
Wright StateRaiders
57%

Score Distribution

Percentile by Number Answered

Percent of People with Each Score

Your Score History

You have not taken this quiz